El parto a través de los tiempos (Record no. 137450)

MARC details
000 -LEADER
campo de control de longitud fija 00643nam a2200181 4500
001 - NÚMERO DE CONTROL
campo de control 137450
003 - IDENTIFICADOR DE NÚMERO DE CONTROL
campo de control ES-MaACL
005 - FECHA Y HORA DE LA ÚLTIMA TRANSACCIÓN
campo de control 20240206203242.0
007 - CAMPO FIJO DE DESCRIPCIÓN FÍSICA--INFORMACIÓN GENERAL
campo de control de longitud fija t|
008 - DATOS DE LONGITUD FIJA--INFORMACIÓN GENERAL
campo de control de longitud fija 070214s1955 sp r ||||1| spa d
100 1# - ENTRADA PRINCIPAL--NOMBRE DE PERSONA
Nombre de persona Sánchez-Arcas, Ruperto.
9 (RLIN) 102466
245 13 - MENCIÓN DEL TÍTULO
Título El parto a través de los tiempos
Resto del título : (contribución al estudio iconográfico de la parturición) /
Mención de responsabilidad, etc. Ruperto Sánchez Arcas ; prólogo de J. Botella Llusia.
260 ## - PUBLICACIÓN, DISTRIBUCIÓN, ETC.
Lugar de publicación, distribución, etc. Madrid :
Nombre del editor, distribuidor, etc. Vekar,
Fecha de publicación, distribución, etc. 1955.
300 ## - DESCRIPCIÓN FÍSICA
Extensión 141 p., 43 lám. :
Otras características físicas il. ;
Dimensiones 22 cm.
700 1# - ENTRADA AGREGADA--NOMBRE PERSONAL
Nombre de persona Botella Llusiá, José,
Fechas asociadas al nombre 1912-2002
9 (RLIN) 30758
852 ## - LOCALIZACIÓN
Ubicación ES-MaACL
Número de control de estantería C-9570
Sublocalización o colección R.37973
Holdings
Estatus retirado Estado de pérdida Estado de daño No para préstamo Biblioteca de origen Biblioteca actual Ubicación en estantería Fecha de adquisición Fuente de adquisición Total de préstamos Signatura topográfica completa Código de barras Visto por última vez Precio de reemplazo Tipo de ítem Koha
        Biblioteca del Ateneo de Madrid Biblioteca del Ateneo de Madrid Sala Palomar 17/01/2008     C-9570 1143037 23/02/2023 23/02/2023 Libro impreso